|
|
|
|
| LEADER |
01566nam a22003377a 4500 |
| 001 |
38905 |
| 003 |
BD-DhAAL |
| 005 |
20220614122214.0 |
| 008 |
220614r20202005nyua b 001 0 eng d |
| 999 |
|
|
|c 44324
|d 44324
|
| 010 |
|
|
|a 2005047075
|
| 020 |
|
|
|a 9780521704168
|
| 020 |
|
|
|a 9780521837163
|
| 040 |
|
|
|a DLC
|c DLC
|d DLC
|d BD-DhAAL
|
| 042 |
|
|
|a pcc
|
| 050 |
0 |
0 |
|a TK5103.2
|b .G65 2005
|
| 082 |
0 |
0 |
|a 621.382
|2 22
|
| 100 |
1 |
|
|a Goldsmith, Andrea,
|d 1964-
|9 49317
|
| 245 |
1 |
0 |
|a Wireless communications /
|c Andrea Goldsmith.
|
| 260 |
|
|
|a Cambridge ;
|a New York :
|b Cambridge University Press,
|c 2005 [reprinted 2020].
|
| 300 |
|
|
|a xxviii, 644 pages :
|b illustrations ;
|c 26 cm.
|
| 504 |
|
|
|a Includes bibliographical references and index.
|
| 526 |
|
|
|a EEE
|
| 541 |
|
|
|a Trim Education
|e 38905, 38906, 38907
|
| 650 |
|
0 |
|a Wireless communication systems.
|9 49318
|
| 650 |
|
0 |
|a Electrical engineering.
|9 49319
|
| 852 |
|
|
|a Ayesha Abed Library
|c General Stacks
|
| 942 |
|
|
|2 ddc
|c BK
|
| 952 |
|
|
|0 0
|1 0
|2 ddc
|4 0
|6 621_382000000000000_GOL
|7 0
|9 70823
|a BRACUL
|b BRACUL
|c GEN
|d 2022-06-06
|e Trim Education
|g 1130.00
|l 0
|o 621.382 GOL
|p 3010038905
|r 2022-06-06
|t 1
|v 1130.00
|w 2022-06-06
|y BK
|
| 952 |
|
|
|0 0
|1 0
|2 ddc
|4 0
|6 621_382000000000000_GOL
|7 0
|9 70824
|a BRACUL
|b BRACUL
|c GEN
|d 2022-06-06
|e Trim Education
|g 1130.00
|l 1
|m 7
|o 621.382 GOL
|p 3010038906
|r 2025-12-11
|s 2025-10-26
|t 2
|v 1130.00
|w 2022-06-06
|y BK
|
| 952 |
|
|
|0 0
|1 0
|2 ddc
|4 0
|6 621_382000000000000_GOL
|7 0
|9 70825
|a BRACUL
|b BRACUL
|c GEN
|d 2022-06-06
|e Trim Education
|g 1130.00
|l 1
|m 2
|o 621.382 GOL
|p 3010038907
|r 2023-10-05
|s 2023-10-01
|t 3
|v 1130.00
|w 2022-06-06
|y BK
|